| 000 | 00430nam a22001817a 4500 | ||
|---|---|---|---|
| 003 | MPLRDC | ||
| 005 | 20220104143743.0 | ||
| 008 | 210129b ||||| |||| 00| 0 eng d | ||
| 082 | _a868.71 WRA-14 | ||
| 100 | _a温瑞安 | ||
| 245 |
_a温瑞安回来了 _c |
||
| 250 | _a第一版 | ||
| 260 |
_a _b希代书版 _c1987 |
||
| 300 | _b平 | ||
| 490 | _a希代文丛. 51 | ||
| 650 | _a马华文学 | ||
| 942 |
_cBK _o868.71 WRA-14 |
||
| 999 |
_c43006 _d42996 |
||